<?xml version="1.0" encoding="UTF-8"?>
<collection xmlns="http://www.loc.gov/MARC21/slim">
 <record>
  <leader>00976nam a22001811  4500</leader>
  <controlfield tag="001">1/11936</controlfield>
  <controlfield tag="008">030112s1987    gr            000 0 gre d</controlfield>
  <datafield tag="035" ind1=" " ind2=" ">
   <subfield code="l">12301</subfield>
  </datafield>
  <datafield tag="040" ind1=" " ind2=" ">
   <subfield code="a">GR-PeUP</subfield>
  </datafield>
  <datafield tag="082" ind1="0" ind2="0">
   <subfield code="a">Π 025.1 ΝΤ</subfield>
  </datafield>
  <datafield tag="100" ind1="1" ind2=" ">
   <subfield code="a">Ντελόπουλος, Κυριάκος,</subfield>
   <subfield code="d">1933-</subfield>
  </datafield>
  <datafield tag="245" ind1="1" ind2="0">
   <subfield code="a">Οργάνωσε τη βιβλιοθήκη σου :</subfield>
   <subfield code="b">ένας πρακτικός οδηγός για την οργάνωση λαϊκών, παιδικών, σχολικών, ιδιωτικών βιβλιοθηκών /</subfield>
   <subfield code="c">Κυρ. Ντελόπουλος</subfield>
  </datafield>
  <datafield tag="260" ind1=" " ind2=" ">
   <subfield code="a">Αθήνα :</subfield>
   <subfield code="b">Gutenberg,</subfield>
   <subfield code="c">1987</subfield>
  </datafield>
  <datafield tag="300" ind1=" " ind2=" ">
   <subfield code="a">190 σ. ;</subfield>
   <subfield code="c">24 εκ.</subfield>
  </datafield>
  <datafield tag="650" ind1=" " ind2="4">
   <subfield code="a">Βιβλιοθήκες</subfield>
   <subfield code="x">Διοίκηση και οργάνωση.</subfield>
  </datafield>
  <datafield tag="650" ind1=" " ind2="4">
   <subfield code="a">Βιβλιοθήκες</subfield>
   <subfield code="x">Οδηγοί.</subfield>
  </datafield>
  <datafield tag="852" ind1=" " ind2=" ">
   <subfield code="a">INST</subfield>
   <subfield code="b">UNIPILB</subfield>
   <subfield code="c">REF</subfield>
   <subfield code="e">20041130</subfield>
   <subfield code="h">Π 025.1 ΝΤ</subfield>
   <subfield code="p">00121111</subfield>
   <subfield code="q">00121111</subfield>
   <subfield code="t">NOLOAN</subfield>
   <subfield code="y">4</subfield>
   <subfield code="x">20200720</subfield>
   <subfield code="4">2</subfield>
  </datafield>
  <datafield tag="852" ind1=" " ind2=" ">
   <subfield code="a">INST</subfield>
   <subfield code="b">UNIPILB</subfield>
   <subfield code="c">REF</subfield>
   <subfield code="e">20040709</subfield>
   <subfield code="h">Π 025.1 ΝΤ</subfield>
   <subfield code="p">00141668</subfield>
   <subfield code="q">00141668</subfield>
   <subfield code="t">NOLOAN</subfield>
   <subfield code="y">4</subfield>
   <subfield code="x">20101120</subfield>
   <subfield code="4">1</subfield>
  </datafield>
 </record>
</collection>
